|
|
|
|
| LEADER |
00000cam a2200000 a 4500 |
| 001 |
vtls010620230 |
| 003 |
SK-MaSNL |
| 005 |
20260301135323.0 |
| 008 |
240315s2014 xo a b 000 0 hun |
| 015 |
|
|
|a SNBA2014/10
|
| 020 |
|
|
|a 9788010027071
|q (brož.)
|
| 035 |
|
|
|a 81333D4C-77AF-43AD-8966-84FC5993C219
|
| 035 |
|
|
|a urn:nbn:sk:snk-am3h60x
|
| 035 |
|
|
|a urn:nbn:sk:snk-am008kd7
|
| 040 |
|
|
|a SNK
|b slo
|c SNK
|e AACR2
|
| 041 |
0 |
|
|a hun
|
| 044 |
|
|
|a xo
|c SK
|
| 072 |
|
7 |
|a 811.511.1
|x Ugrofínske jazyky
|2 konspekt
|
| 072 |
|
7 |
|a 373.2/.3
|x Predškolská a primárna výchova a vzdelávanie
|2 konspekt
|
| 080 |
|
|
|a 811.511.141
|2 2001
|
| 080 |
|
|
|a (075.2)
|2 2001
|
| 080 |
|
|
|a (076.1)
|2 2001
|
| 100 |
1 |
|
|a Szekeres, Ágnes
|4 aut
|9 66497
|
| 245 |
1 |
0 |
|a Munkafüzet magyar nyelvből a speciális alapiskola 4. osztálya számára
|c Szekeres Ágnes, Zupkó Mária ; [illusztráció Zdenka Vojtková]
|
| 246 |
1 |
1 |
|a Pracovný zošit z maďarského jazyka pre 4. ročník špeciálnej základnej školy s vyučovacím jazykom maďarským
|
| 250 |
|
|
|a 8. kiad.
|
| 260 |
|
|
|a Bratislava
|b Slovenské pedagogické nakladateľstvo
|c 2014
|
| 300 |
|
|
|a 124 s.
|b ilustr.
|c 30 cm
|
| 650 |
0 |
7 |
|a maďarčina
|2 SNKPH
|9 1492
|
| 650 |
0 |
7 |
|a Hungarian language
|2 SNKPHeng
|9 266361
|
| 655 |
|
7 |
|a učebnice špeciálnych základných škôl
|2 SNKPH
|9 70204
|
| 655 |
|
7 |
|a pracovné zošity
|2 SNKPH
|9 70188
|
| 655 |
|
7 |
|a Textbooks (elementary)
|2 SNKPHeng
|9 276977
|
| 655 |
|
7 |
|a Activity books
|2 SNKPHeng
|9 302885
|
| 700 |
1 |
|
|a Zupkó, Mária
|4 aut
|9 325829
|
| 700 |
1 |
|
|a Vojtková, Zdena,
|d 1946-
|4 ill
|9 167693
|
| 852 |
|
|
|a Štátna vedecká knižnica v Banskej Bystrici
|
| 919 |
|
|
|a 978-80-10-02707-1
|
| 958 |
|
|
|a HU
|
| 958 |
|
|
|a NM
|
| 999 |
|
|
|c 759783
|d 761713
|
| 952 |
|
|
|a SNK
|b SNK
|y PREZ
|7 0
|p 17A1116407
|o snkSB 87146
|i snk2014/20061
|8 0
|0 0
|1 0
|4 0
|d 2014-09-30
|f 1
|l 0
|r 2025-05-07 00:00:00
|w 2026-02-24
|
| 952 |
|
|
|a SNK
|b SNK
|y VYP
|7 0
|p 17A1116274
|o snkSB 87146 D1
|i snk2014/20062
|8 0
|0 0
|1 0
|4 0
|d 2014-09-30
|l 0
|r 2016-06-30 00:00:00
|w 2026-02-24
|